Najpopularniejsza piosenka polskiego rapera cz.1 - Statystyki

Ogólne statystyki
  • Ten quiz został rozwiązany 883 razy
  • Średni wynik to 8 z 18
Statystyki odpowiedzi
Raper Wyświet. PIosenka % Poprawnych
White 2115 103 mln California
88%
Kizo 110 mln Disney
79%
Young Multi 36 mln Plecak
73%
Mata 75 mln Kiss cam
69%
OIO 29 mln Amerykańskie Teledyski
60%
Reto 94 mln UA
56%
Young Igi 71 mln Bestia
54%
Bedoes 111 mln Eldorado
54%
Smolasty 77 mln Duże oczy
47%
Blacha 97 mln Mademoiselle
37%
Paluch 116 mln Bez strachu
33%
Żabsnon 48 mln Floyd Mayweather
32%
Zeamsone 31 mln bb
27%
Wac toja 32 mln Kapitan
27%
Gang Albanii 75 mln Dla prawdziwych dam
26%
Białas 36 mln Intercontinental Bajers
12%
Borixon 28 mln JACKIECHAN
7%
White Widow 4,6 mln Origami
6%
Nie znaleziono quizów pasujących do podanych kryteriów
Rozkład punktacji
Procent ludzi z każdym wynikiem
Percentyl według liczby udzielonych odpowiedzi
Twoja historia wyników
Nie rozwiązałeś tego quizu